000 00900nas a2200277 4500
001 BR8707266
003 BR-BrBNA
005 20231205090917.0
007 ta
008 230509b bl.|||p| |||| 00| 00por d
040 _aBR-BrBNA
_bpor
_cBiblioteca Nacional de Agricultura
041 _a(Pt)
072 _aL10
100 1 _aKavamoto, E.T.
100 1 _aSilveira, W.F. da
100 1 _aRigolino, M.G.
100 1 _aCarvalho Filho, A.C. de
245 1 _aAvaliacao macro e microscopica do semen da truta arco-iris, Salmo irideus Gibbons
246 1 _aMacroscopic and microscopic evaluation of rainbow trout semen, Salmo irideus Gibbons
650 _aTRUTA
650 _aSEMEN
650 _aESPERMATOZOIDE
773 0 _tBoletim do Instituto de Pesca (Brazil)
_xISSN 0046-9939
_g(Oct 1985), v. 12(3) p. 73-81
_wBR8707266
909 _a202311
_bLúcia
_c55
_dLúcia Elande
942 _2AGRIS
_n0
_cANA
999 _c121584
_d121584